| 000 | 00642nam a2200181Ia 4500 | ||
|---|---|---|---|
| 001 | 7599 | ||
| 005 | 20260306160507.0 | ||
| 008 | 260306t2018||||xx |||||||||||||| ||spa|| | ||
| 041 | _aESP | ||
| 082 |
_a352.15 _bCH543 |
||
| 100 |
_aChenguayen Rospigliosi, Juan _eAUT |
||
| 245 | 0 |
_aUn Knock Out para la gerencia en los gobiernos regionales: _banálisis del modelo actual y propuesta para incorporar una sub clasificación de los órganos de línea en la teoría y doctrina administrativa de la estructura organizacional |
|
| 260 | _c2018 | ||
| 300 |
_a147 páginas : _c23 cm. |
||
| 650 | _aGEN | ||
| 654 | _aCAN | ||
| 942 |
_cLIB _dJUS _fJUS _2ddc _n |
||
| 999 |
_c7599 _d7599 |
||